[Event "GRE-ch Online Blitz op 1st"]
[Site "Tornelo INT"]
[Date "2021.02.07"]
[Round "1"]
[White "Drakaki, Anna Maria"]
[Black "Giouvantsioudis Mousiadis, Arist"]
[Result "1-0"]
[WhiteElo "1861"]
[BlackElo "1205"]
[PlyCount "75"]
[EventDate "2021.02.07"]
[EventType "swiss (blitz)"]
[EventRounds "16"]
[EventCountry "GRE"]
[SourceTitle "EXT 2023"]
[Source "ChessBase"]
[SourceDate "2022.10.05"]
[SourceVersion "1"]
[SourceVersionDate "2022.10.05"]
[SourceQuality "1"]

1. d4 d6 2. e4 Nf6 3. Nc3 c6 4. f4 Qc7 5. Nf3 Bg4 6. Bd3 Nbd7 7. 0-0 e5 8. dxe5 dxe5 9. f5 Bc5+ 10. Kh1 0-0-0 11. Qe2 Bb6 12. Na4 g6 13. h3 Bxf3 14. Qxf3 Ne8 15. Nxb6+ Nxb6 16. a4 Nd7 17. Be3 b6 18. a5 Nd6 19. axb6 Nxb6 20. Qf2 Kb7 21. Ba6+ Kb8 22. c4 Ndxc4 23. Bxc4 Rd7 24. Bxb6 axb6 25. Rfd1 Rhd8 26. Rxd7 Rxd7 27. fxg6 fxg6 28. Qf8+ Rd8 29. Qa3 Qb7 30. Ba6 Qc7 31. Bc4 Qb7 32. Qb3 Rd4 33. Ra6 Rxe4 34. Rxb6 Re1+ 35. Kh2 Qxb6 36. Qxb6+ Kc8 37. Qxc6+ Kd8 38. Qd6+ 1-0

[Event "GRE-ch Online Blitz op 1st"]
[Site "Tornelo INT"]
[Date "2021.02.07"]
[Round "7"]
[White "Giouvantsioudis Mousiadis, Arist"]
[Black "Giouvantsioudis, Konstantinos"]
[Result "0-1"]
[WhiteElo "1205"]
[BlackElo "1629"]
[PlyCount "42"]
[EventDate "2021.02.07"]
[EventType "swiss (blitz)"]
[EventRounds "16"]
[EventCountry "GRE"]
[SourceTitle "EXT 2023"]
[Source "ChessBase"]
[SourceDate "2022.10.05"]
[SourceVersion "1"]
[SourceVersionDate "2022.10.05"]
[SourceQuality "1"]

1. e4 c5 2. Nf3 e6 3. d4 cxd4 4. Nxd4 a6 5. c4 Qc7 6. Nc3 Bb4 7. Bd2 Nf6 8. Bd3 Nc6 9. Nxc6 dxc6 10. 0-0 0-0 11. a3 Bd6 12. Qc2 Bxh2+ 13. Kh1 Be5 14. f4 Bxc3 15. Bxc3 b5 16. e5 bxc4 17. Bxc4 Nd5 18. Bxd5 cxd5 19. Rf3 d4 20. Qe4 Bb7 21. Bxd4 Bxe4 0-1

[Event "GRE-ch U12"]
[Site "Achaia"]
[Date "2017.07.01"]
[Round "8"]
[White "Stefanou, Dimitrios"]
[Black "Giouvantsioudis Mousiadis, Arist"]
[Result "1-0"]
[WhiteElo "1571"]
[BlackElo "1446"]
[PlyCount "53"]
[EventDate "2017.06.26"]
[EventType "swiss"]
[EventRounds "9"]
[EventCountry "GRE"]
[SourceTitle "EXT 2018"]
[Source "ChessBase"]
[SourceDate "2017.10.13"]
[SourceVersion "1"]
[SourceVersionDate "2017.10.13"]
[SourceQuality "1"]

1. d4 d6 2. e4 Nf6 3. Nc3 c6 4. f4 Qa5 5. Bd3 e5 6. Nf3 Nbd7 7. Be3 Be7 8. 0-0 0-0 9. h3 Qc7 10. Qd2 b5 11. a3 Bb7 12. Rfe1 Rfe8 13. Rad1 a6 14. Qf2 Bf8 15. fxe5 dxe5 16. dxe5 Nxe5 17. Nxe5 Qxe5 18. Bd4 Qe6 19. e5 Nd5 20. Ne4 Be7 21. Nf6+ Bxf6 22. exf6 Qd7 23. Bf5 Rxe1+ 24. Rxe1 Qd8 25. fxg7 Bc8 26. Bxh7+ Kxh7 27. Qxf7 1-0

[Event "GRE-ch U12"]
[Site "Achaia"]
[Date "2017.06.30"]
[Round "7"]
[White "Giouvantsioudis Mousiadis, Arist"]
[Black "Simitzoglou, Panos"]
[Result "1-0"]
[WhiteElo "1446"]
[BlackElo "1445"]
[PlyCount "120"]
[EventDate "2017.06.26"]
[EventType "swiss"]
[EventRounds "9"]
[EventCountry "GRE"]
[SourceTitle "EXT 2018"]
[Source "ChessBase"]
[SourceDate "2017.10.13"]
[SourceVersion "1"]
[SourceVersionDate "2017.10.13"]
[SourceQuality "1"]

1. e4 e6 2. d4 d5 3. Nd2 c5 4. c3 cxd4 5. cxd4 dxe4 6. Nxe4 Nf6 7. Bg5 Be7 8. Nxf6+ Bxf6 9. Bxf6 Qxf6 10. Bb5+ Bd7 11. Bxd7+ Nxd7 12. Nf3 0-0 13. 0-0 Rac8 14. Qa4 Qe7 15. Qxa7 Qb4 16. Qa3 Qxa3 17. bxa3 Rc3 18. Rfb1 Rfc8 19. h3 Rxa3 20. Rxb7 Nf8 21. Rb3 Ra4 22. a3 Rca8 23. Kf1 Ng6 24. g3 Ne7 25. Ke2 Nc6 26. Ke3 Rd8 27. Rbb1 Nxd4 28. Nxd4 Raxd4 29. a4 Rd3+ 30. Ke2 Rd2+ 31. Ke1 R2d6 32. a5 Ra6 33. Rb6 Rda8 34. Rxa6 Rxa6 35. Kd2 Kf8 36. Kc3 Ke7 37. Kb4 Kd7 38. Kb5 Ra8 39. Kb6 Rb8+ 40. Ka7 Rb2 41. a6 Kc7 42. Rc1+ Kd7 43. Rc4 f5 44. g4 g6 45. gxf5 exf5 46. Rh4 h5 47. Rf4 Rb3 48. h4 Kc8 49. Rd4 Kc7 50. Rd5 Rb2 51. Rd3 Rb4 52. Rg3 Rg4 53. Rc3+ Kd8 54. Rb3 Rc4 55. Kb6 Ra4 56. a7 Kc8 57. Rc3+ Kd7 58. Rc5 Ra1 59. Ra5 Rb1+ 60. Ka6 Kc7 1-0

[Event "GRE-ch U12"]
[Site "Achaia"]
[Date "2017.06.29"]
[Round "5"]
[White "Nikolakopoulos, Dimitrios"]
[Black "Giouvantsioudis Mousiadis, Arist"]
[Result "0-1"]
[WhiteElo "1280"]
[BlackElo "1446"]
[PlyCount "74"]
[EventDate "2017.06.26"]
[EventType "swiss"]
[EventRounds "9"]
[EventCountry "GRE"]
[SourceTitle "EXT 2018"]
[Source "ChessBase"]
[SourceDate "2017.10.13"]
[SourceVersion "1"]
[SourceVersionDate "2017.10.13"]
[SourceQuality "1"]

1. e4 d6 2. d4 Nf6 3. Nc3 c6 4. f4 Qa5 5. Bd3 e5 6. Nf3 Nbd7 7. 0-0 Be7 8. Be3 0-0 9. Qe1 Re8 10. Kh1 Qc7 11. Qf2 b6 12. h3 Bb7 13. Rae1 Rf8 14. Nh4 c5 15. d5 c4 16. Be2 Nc5 17. Bf3 exf4 18. Bxf4 Bc8 19. Qg3 Ne8 20. Nb5 Qd8 21. Nf5 Bxf5 22. exf5 Bh4 23. Qg4 Bxe1 24. Rxe1 Qd7 25. Nd4 Nf6 26. Qh4 Rae8 27. Rxe8 Rxe8 28. Bg5 Nfe4 29. f6 Nxf6 30. Bxf6 gxf6 31. Qxf6 Re1+ 32. Kh2 Qe7 33. Qh6 Qe5+ 34. g3 Qxd4 35. Qg5+ Kf8 36. Qd8+ Re8 37. Qxd6+ Kg8 0-1

[Event "GRE-ch U12"]
[Site "Achaia"]
[Date "2017.06.29"]
[Round "6"]
[White "Papagiannis, Asterios"]
[Black "Giouvantsioudis Mousiadis, Arist"]
[Result "1-0"]
[WhiteElo "1693"]
[BlackElo "1446"]
[PlyCount "61"]
[EventDate "2017.06.26"]
[EventType "swiss"]
[EventRounds "9"]
[EventCountry "GRE"]
[SourceTitle "EXT 2018"]
[Source "ChessBase"]
[SourceDate "2017.10.13"]
[SourceVersion "1"]
[SourceVersionDate "2017.10.13"]
[SourceQuality "1"]

1. d4 Nf6 2. c4 c5 3. Nf3 cxd4 4. Nxd4 e5 5. Nb5 d5 6. cxd5 Bc5 7. g3 0-0 8. N5c3 Qa5 9. Bg2 e4 10. 0-0 Bf5 11. Bd2 Qd8 12. Be3 Bxe3 13. fxe3 Bg6 14. Qd4 Nbd7 15. Nd2 Nb6 16. d6 Nc8 17. Nc4 Nb6 18. Ne5 Nbd7 19. Nxg6 hxg6 20. Nxe4 Nxe4 21. Bxe4 Re8 22. Rac1 Qb6 23. Qxb6 Nxb6 24. Bxb7 Rad8 25. Rc7 f6 26. Bf3 a5 27. Rd1 Rxe3 28. d7 Re7 29. Ra7 a4 30. Rd6 Rexd7 31. Raxd7 1-0

[Event "GRE-ch U12"]
[Site "Achaia"]
[Date "2017.06.27"]
[Round "3"]
[White "Giouvantsioudis Mousiadis, Arist"]
[Black "Petratos, Dimitrios"]
[Result "1-0"]
[WhiteElo "1446"]
[BlackElo "1126"]
[PlyCount "55"]
[EventDate "2017.06.26"]
[EventType "swiss"]
[EventRounds "9"]
[EventCountry "GRE"]
[SourceTitle "EXT 2018"]
[Source "ChessBase"]
[SourceDate "2017.10.13"]
[SourceVersion "1"]
[SourceVersionDate "2017.10.13"]
[SourceQuality "1"]

1. e4 e5 2. Nf3 Nc6 3. Bb5 a6 4. Ba4 Bc5 5. 0-0 b5 6. Bb3 Nf6 7. c3 d6 8. Re1 Bg4 9. d3 h6 10. Nbd2 0-0 11. Nf1 Ne7 12. Ng3 Ng6 13. h3 Bxf3 14. Qxf3 Nh4 15. Qe2 Qe7 16. Bd2 Rfe8 17. Rad1 Rad8 18. Bc1 d5 19. exd5 Nxd5 20. Qg4 Ng6 21. d4 Bb6 22. dxe5 Nxe5 23. Qf5 Qc5 24. Bxh6 gxh6 25. Ne4 Qc6 26. Bxd5 Qg6 27. Qxg6+ Nxg6 28. Nf6+ 1-0

[Event "GRE-chT U16 9th"]
[Site "Thessaloniki"]
[Date "2016.12.16"]
[Round "2.3"]
[White "Poulopoulos, Ilias"]
[Black "Giouvantsioudis Mousiadis, Arist"]
[Result "0-1"]
[WhiteElo "1076"]
[BlackElo "1270"]
[PlyCount "73"]
[EventDate "2016.12.15"]
[EventType "team-swiss"]
[EventRounds "6"]
[EventCountry "GRE"]
[SourceTitle "CBM 176 Extra"]
[Source "ChessBase"]
[SourceDate "2017.03.02"]
[SourceVersion "1"]
[SourceVersionDate "2017.03.02"]
[SourceQuality "1"]
[WhiteTeam "Kalamata"]
[BlackTeam "Triandrias"]
[WhiteTeamCountry "GRE"]
[BlackTeamCountry "GRE"]

1. e4 c5 2. Nf3 e6 3. d4 cxd4 4. Nxd4 a6 5. a4 b6 6. Nc3 Bb7 7. Be2 Nf6 8. e5 Nd5 9. Nxd5 Bxd5 10. Bf3 Qc7 11. Bf4 Qc4 12. Bxd5 Qxd5 13. 0-0 Bc5 14. Nb3 Qxd1 15. Raxd1 Be7 16. Ra1 Nc6 17. c3 h5 18. Rad1 g5 19. Be3 Nxe5 20. Bd4 f6 21. Bxb6 Nc4 22. Bc7 Rc8 23. Ba5 Rb8 24. Rd4 d5 25. Bb4 Bxb4 26. cxb4 Rxb4 27. Nc5 Kf7 28. Nxa6 Rxa4 29. Nc5 Ra5 30. b4 Rb5 31. f3 Rxb4 32. Re1 Re8 33. f4 Rb5 34. Na6 Re7 35. fxg5 Ra7 36. Rf1 f5 37. Rd2 0-1

[Event "GRE-chT 44th"]
[Site "Achaia"]
[Date "2016.07.10"]
[Round "7.7"]
[White "Hadjinicolaou, Andreas"]
[Black "Giouvantsioudis Mousiadis, Arist"]
[Result "0-1"]
[WhiteElo "1618"]
[BlackElo "1352"]
[PlyCount "118"]
[EventDate "2016.07.05"]
[EventType "team-swiss"]
[EventRounds "7"]
[EventCountry "GRE"]
[SourceTitle "CBM 173 Extra"]
[Source "ChessBase"]
[SourceDate "2016.08.29"]
[SourceVersion "1"]
[SourceVersionDate "2016.08.29"]
[SourceQuality "1"]
[WhiteTeam "Corinth Argonaftis"]
[BlackTeam "Chania Kaissa"]
[WhiteTeamCountry "GRE"]
[BlackTeamCountry "GRE"]

1. d4 Nf6 2. Nf3 g6 3. Bf4 Bg7 4. e3 d6 5. h3 0-0 6. Be2 c6 7. 0-0 Nbd7 8. c4 c5 9. Nc3 a6 10. Rc1 b6 11. Re1 Bb7 12. d5 Re8 13. Qd2 Rf8 14. Bd3 Ne8 15. e4 e5 16. dxe6 fxe6 17. Bb1 e5 18. Bh6 Qe7 19. Rcd1 Bxh6 20. Qxh6 Qg7 21. Qd2 Ndf6 22. Ng5 Qe7 23. Na4 b5 24. Nb6 Rb8 25. cxb5 Nxe4 26. Bxe4 Bxe4 27. Nxe4 Rxb6 28. bxa6 Rxa6 29. Qd5+ Qf7 30. Qxf7+ Kxf7 31. a3 h6 32. Re3 Ke6 33. Rc3 Rb6 34. Rd2 Rf7 35. b3 Nc7 36. Rcd3 Nb5 37. b4 cxb4 38. axb4 Nd4 39. Re3 g5 40. Nxg5+ hxg5 41. Rxd4 Rf4 42. Rxf4 gxf4 43. Rb3 d5 44. f3 d4 45. Kf2 Kd5 46. Ke2 Kc4 47. Rb1 d3+ 48. Kd2 Rg6 49. Rg1 Ra6 50. Rc1+ Kd4 51. Ke1 Ra2 52. Rd1 Rxg2 53. Rd2 Rg3 54. Rh2 Rxf3 55. h4 e4 56. h5 e3 57. h6 d2+ 58. Ke2 Rf2+ 59. Rxf2 exf2 0-1

[Event "GRE-ch U10"]
[Site "Rio Achaia"]
[Date "2015.06.28"]
[Round "4.6"]
[White "Simitzoglou, Panos"]
[Black "Giouvantsioudis Mousiadis, Arist"]
[Result "1-0"]
[WhiteElo "1350"]
[BlackElo "1145"]
[PlyCount "79"]
[EventDate "2015.06.26"]
[EventType "swiss"]
[EventRounds "9"]
[EventCountry "GRE"]
[SourceTitle "EXT 2024"]
[Source "ChessBase"]
[SourceDate "2023.10.10"]
[SourceVersion "1"]
[SourceVersionDate "2023.10.10"]
[SourceQuality "1"]

1. e4 d6 2. d4 e5 3. Nf3 Bg4 4. dxe5 Bxf3 5. Qxf3 dxe5 6. Bc4 Nf6 7. Be3 c6 8. 0-0 Be7 9. Nc3 0-0 10. Rfd1 Qc7 11. Rd2 Nbd7 12. Rad1 Nc5 13. Bxc5 Bxc5 14. Ne2 Qb6 15. c3 Qa5 16. b4 Bxb4 17. cxb4 Qxb4 18. Qc3 Qxc3 19. Nxc3 b5 20. Bd3 b4 21. Ne2 Rad8 22. Bc2 Rc8 23. f3 c5 24. Rb1 a5 25. Ba4 c4 26. Rc2 c3 27. Nc1 Rfd8 28. Nb3 Ra8 29. Kf1 Kf8 30. Ke2 Ke7 31. Ra1 Ne8 32. a3 Nc7 33. Nc5 Rac8 34. Nb7 Rd4 35. Nxa5 Na6 36. Nc6+ Rxc6 37. Bxc6 bxa3 38. Rxa3 Nb4 39. Rcxc3 Kd6 40. Bb5 1-0